Statistics for World Capital Quiz - Buenos Aires

Click here to take the quiz!

General Stats

  • This quiz has been taken 60 times
  • The average score is 8 of 10

Answer Stats

questionanswer% Correct
Nearest world capitalMontevideo
96%
The city's meaning in EnglishGood air
95%
Argentina's First Lady 1946-52Eva Peron
93%
Argentina's most successful football club, based in La BocaBoca {Juniors}
82%
Major estuary it sits onRio {de la Plata}
80%
English name of Casa Rosada (pictured), in front of which she gave famous speechesPink Palace
75%
What are Jorge Newbery and Ezeiza?airports
67%
The main Opera House, refurbished 2006-10 at a cost of $100 millionTeatro {Colón}
65%
Cemetery she is buried in, named after its neighbourhoodLa {Recoleta}
64%
100 metre-wide thoroughfare, named after Argentina's Independence DayAvenida {9 de Julio}
56%

Score Distribution

Percentile by Number Answered

Percent of People with Each Score

Your Score History

You have not taken this quiz